Personnages de One Piece de A à Z (2) - Statistiques

Statistiques générales
  • Ce quiz a été pris 371 fois
  • Le résultat moyen est 18 sur 25
Statistiques - réponses
Première lettre Indice Personnage % Correct
A Homme-Poisson Arlong
94%
B Devenu Grand corsaire et ensuite empereur, a trahi Barbe Blanche Barbe Noire
94%
S Frère de Luffy Sabo
93%
C Scientifique/Gaz César
92%
E Barbe Blanche Edward
92%
M Directeur d'Impel Down Magellan
90%
V Il a créé les Pacifista Vegapunk
90%
N Roi île des hommes poissons Neptune
87%
L Baleine Laboon
86%
R Bras droit de Roger Rayleigh
86%
F Davy Back Fight Foxy
82%
K Samourai rencontré sur Punk Hazard Kinemon
82%
O Poulpe Octo
82%
U Moine Pirate/Génération terrible Urouge
80%
X Pirate de la génération terrible X-Drake
80%
H Fils du capitaine Morgan Hermep
79%
T Navire construit par Franky Thousand Sunny
76%
P Alabasta/Faucon Pell
67%
G Coincé dans un coffre Gaimon
66%
W chef des Guerriers Shandia/ Skypea Wiper
53%
J Chasseur de prime/Partenaire de Zorro Johnny
46%
I Mister 8/Vivi Igaram
45%
Y Grenouille géante Yokozuna
27%
D Gardienne d'Impel Down Domino
24%
Z Acolyte de Franky Zambai
19%
Aucun quiz correspondant
Distribution des résultats
% des personnes avec chaque résultat
Percentile par nombre de réponses
Votre historique - résultats
Vous n’avez pas pris ce quiz